|
|
|
|
| LEADER |
00000nab a2200000 a 4500 |
| 001 |
vtls000617245 |
| 003 |
SK-MaSNL |
| 005 |
20260311225012.0 |
| 008 |
140429c1997 xo 0 slo |
| 015 |
|
|
|a SNBRB19rr/mm-uuuuu
|
| 035 |
|
|
|a CL0617384
|
| 040 |
|
|
|a SNKBUCL
|b slo
|c SNKBUCL
|e AACR2
|
| 041 |
0 |
|
|a slo
|
| 044 |
|
|
|a xo
|c SK
|
| 080 |
|
|
|a 943.7"193/194":943.0"193/194"
|2 1981
|
| 080 |
|
|
|a 943.0"193/194"
|2 1981
|
| 100 |
1 |
|
|a Zavacká, Katarína,
|d 1940-
|4 aut
|
| 245 |
1 |
0 |
|a Záludnosti jednej deklarácie
|c Katarína Zavacká
|
| 651 |
|
7 |
|a Nemecko
|2 snkbucl
|9 21020
|
| 651 |
|
7 |
|a Československo
|2 snkbucl
|9 21376
|
| 655 |
|
7 |
|a články z novín a časopisov
|2 snkbucl
|9 267496
|
| 773 |
0 |
|
|t Parlamentný kuriér
|g Roč. 5, č. 37 (1997), s. 48
|x 1335-0307
|
| 850 |
|
|
|a Slovenská národná knižnica v Martine
|a MTA001
|
| 852 |
|
|
|a SNK
|b KIS3GCP
|
| 958 |
|
|
|a DE
|
| 958 |
|
|
|a SK
|
| 958 |
|
|
|a CZ
|
| 958 |
|
|
|a RK
|
| 992 |
|
|
|a RBX
|
| 999 |
|
|
|c 3264014
|d 3265944
|